| 000 | 00000nas 2200000za 4500 |
| 001 | 9.502363 |
| 003 | CaOODSP |
| 005 | 20230825105509 |
| 007 | cr ||||||||||| |
| 008 | 150406d19992001xxc|| p o||||f| |0fre|d |
| 022 | |a1704-6114 |
| 040 | |aCaOODSP|bfre |
| 043 | |an-cn--- |
| 086 | 1 |aMP43-333F-PDF |
| 110 | 1 |aCanada.|bCitoyenneté et Immigration Canada. |bDirection générale des communications, |eauteur, |eorganisme de publication. |
| 245 | 10|aFaits et chiffres ..., aperçu statistique des residents temporaires et revendicateurs du statut de réfugié / |cProduit par Politique, planification et recherche stratégiques. |
| 264 | 1|aOttawa, Ontario : |bCitoyenneté et Immigration Canada, |c2000-2003. |
| 310 | |aAnnuel |
| 362 | 1 |aParaît depuis 1999; ne paraît plus après 2002. |
| 691 | 07|aImmigration|2gcpds |
| 775 | 08|tFacts and figures ..., statistical overview of the temporary resident and refugee claimant population / |w(CaOODSP)9.505961 |